| 000 -LEADER |
| fixed length control field |
00931nam a2200217Ia 4500 |
| 001 - CONTROL NUMBER |
| control field |
18800 |
| 003 - CONTROL NUMBER IDENTIFIER |
| control field |
GE_BSU |
| 008 - FIXED-LENGTH DATA ELEMENTS--GENERAL INFORMATION |
| fixed length control field |
181216s||||||||xx |||||||||||||| ||und|| |
| 040 ## - CATALOGING SOURCE |
| Transcribing agency |
GE_BSU |
| 245 ## - TITLE STATEMENT |
| Title |
ბუღალტრული აღრიცხვა : №3(231). 2016 |
| 245 ## - TITLE STATEMENT |
| Remainder of title |
საქართველოს პროფესიონალ ბუღალტერთა და აუდიტორთა ფედერაცია. |
| 245 ## - TITLE STATEMENT |
| Statement of responsibility, etc. |
მთავარი რედაქტორი ლავრენტი ჭუმბურიძე.გამოც.რედ:მანანა გველესიანი. |
| 260 ## - PUBLICATION, DISTRIBUTION, ETC. |
| Place of publication, distribution, etc. |
თბილისი |
| 260 ## - PUBLICATION, DISTRIBUTION, ETC. |
| Date of publication, distribution, etc. |
2016 |
| 300 ## - PHYSICAL DESCRIPTION |
| Extent |
64გვ;29სმ; |
| 520 ## - SUMMARY, ETC. |
| Summary, etc. |
ACCA |
| 653 ## - INDEX TERM--UNCONTROLLED |
| Uncontrolled term |
ბუღალტერია |
| 653 ## - INDEX TERM--UNCONTROLLED |
| Uncontrolled term |
ბუღალტრული აღრიცხვა. |
| 653 ## - INDEX TERM--UNCONTROLLED |
| Uncontrolled term |
პერიოდიკა |
| 942 ## - ADDED ENTRY ELEMENTS (KOHA) |
| Koha item type |
პერიოდიკა |